000 00574nam a22002417a 4500
003 UA-OsUOA
001 31621
007 ta
008 20041229b un ||||| |||| 00| 0 ukr d
090 _a614.84
_bП46
942 _cBK
040 _aUA-OsUOA
_bukr
_cUA-OsUOA
_dUA-OsUOA
245 _aПожежна безпека
_bНормативні акти та інші документи
300 _a448 с.
955 _a0
041 _aukr
080 _a614.84
260 _aКиїв
_c1997
246 3 1 _aТ. 3
_n
044 _aUA
650 7 _2UDC
999 _c318050
_d318050